<?xml version="1.0" encoding="UTF-8"?>
<collection xmlns:xsi="http://www.w3.org/2001/XMLSchema-instance" xsi:schemaLocation="http://www.loc.gov/MARC21/slim http://www.loc.gov/standards/marcxml/schema/MARC21slim.xsd" xmlns="http://www.loc.gov/MARC21/slim">
 <record>
  <leader>00000caa a22000003a 4500</leader>
  <controlfield tag="001">UP-8027390931312424657</controlfield>
  <controlfield tag="003">Buklod</controlfield>
  <controlfield tag="005">20141020143546.0</controlfield>
  <controlfield tag="006">o--- |     ||   ||</controlfield>
  <controlfield tag="007">ta</controlfield>
  <controlfield tag="008">141020s        xx     d     r    |||| u|</controlfield>
  <datafield tag="035" ind1=" " ind2=" ">
   <subfield code="a">(iLib)UPCEB-00008485626</subfield>
  </datafield>
  <datafield tag="040" ind1=" " ind2=" ">
   <subfield code="a">emz</subfield>
  </datafield>
  <datafield tag="041" ind1=" " ind2=" ">
   <subfield code="a">eng</subfield>
  </datafield>
  <datafield tag="100" ind1="1" ind2=" ">
   <subfield code="a">Tadmor, Carmit T.</subfield>
  </datafield>
  <datafield tag="245" ind1="0" ind2="4">
   <subfield code="a">Getting the most out of living abroad</subfield>
   <subfield code="b">biculturalism and integrative complexity as key drivers of creative and professional success.  [article].</subfield>
  </datafield>
  <datafield tag="300" ind1=" " ind2=" ">
   <subfield code="a">pp. 520-542</subfield>
  </datafield>
  <datafield tag="520" ind1=" " ind2=" ">
   <subfield code="a">The current research investigated how patterns of home and host cultural identification can explain which individuals who have lived abroad achieve the greatest creative and professional success.  We hypothesized that individuals who identified with both their home and host cultures (i.e. biculturals) would show enhanced creativity and professional success compared with individual s who identified with only a single culture(i.e., assimilated and separated individuals).  Further, we expected that these effects would be driven biculturals' greater levels of integrative complexity, an information processing capacity that involves considering  and combining multiple perspectives.  Two studies demonstrated that biculturals exhibited more fluency, flexibility , and novelty on a creative uses task (Study 1) and produced more innovations at work (Study 2) than did assimilated or separated individuals.  Study 3 extended these findings to general professional outcomes: Bicultural professionals achieved higher promotion rates and more positive reputations compared with assimilated or separated individuals.  Importantly, in all 3 studies, integrative complexity mediated the relationship between home/host identification and performance.  Overall , the current results demonstrate who is most likely to achieve professional and creative success following experiences abroad and why. -(from the author)</subfield>
  </datafield>
  <datafield tag="650" ind1="1" ind2="7">
   <subfield code="a">Culture.</subfield>
  </datafield>
  <datafield tag="650" ind1="1" ind2="7">
   <subfield code="a">Multicultural experience.</subfield>
  </datafield>
  <datafield tag="650" ind1="1" ind2="7">
   <subfield code="a">Creativity.</subfield>
  </datafield>
  <datafield tag="650" ind1="1" ind2="7">
   <subfield code="a">Integrative complexity.</subfield>
  </datafield>
  <datafield tag="650" ind1="1" ind2="7">
   <subfield code="a">Acculturation.</subfield>
  </datafield>
  <datafield tag="773" ind1="0" ind2=" ">
   <subfield code="a">Journal of personality and social psychology</subfield>
   <subfield code="g">vol.103, 2012.</subfield>
  </datafield>
  <datafield tag="942" ind1=" " ind2=" ">
   <subfield code="a">Analytics</subfield>
  </datafield>
 </record>
</collection>
